Person to person : (Record no. 9174)

MARC details
000 -LEADER
fixed length control field 02026cam a22004215a 4500
003 - CONTROL NUMBER IDENTIFIER
control field EG-ScBUE
005 - DATE AND TIME OF LATEST TRANSACTION
control field 20220626125755.0
006 - FIXED-LENGTH DATA ELEMENTS--ADDITIONAL MATERIAL CHARACTERISTICS--GENERAL INFORMATION
fixed length control field m||||fq||h 00| 0
008 - FIXED-LENGTH DATA ELEMENTS--GENERAL INFORMATION
fixed length control field 080806s2005 nyu f 000 0 eng d
020 ## - INTERNATIONAL STANDARD BOOK NUMBER
International Standard Book Number 0194302156 (Student book 2 with CD- Rom)
020 ## - INTERNATIONAL STANDARD BOOK NUMBER
International Standard Book Number 9780194302159
040 ## - CATALOGING SOURCE
Original cataloging agency EG-ScBUE
Language of cataloging eng
Description conventions rda
Transcribing agency EG-ScBUE
Modifying agency EG-ScBUE
082 04 - DEWEY DECIMAL CLASSIFICATION NUMBER
Classification number 428.34
Item number RIC
Edition number 22
100 1# - MAIN ENTRY--PERSONAL NAME
Personal name Richards, Jack C,‏
Dates associated with a name 1943-
Relator term author.
245 10 - TITLE STATEMENT
Title Person to person :
Remainder of title communicative speaking and listening skills.
Number of part/section of a work 2,
Name of part/section of a work Student book /
Statement of responsibility, etc Jack C. Richards, David Bycina, Ingrid Wisniewska.
246 30 - VARYING FORM OF TITLE
Title proper/short title Student book
250 ## - EDITION STATEMENT
Edition statement Third edition.
264 #1 - PUBLICATION, DISTRIBUTION, ETC. (IMPRINT)
Place of publication, distribution, etc New York ;
-- Oxford :
Name of publisher, distributor, etc Oxford University Press,
Date of publication, distribution, etc 2005.
300 ## - PHYSICAL DESCRIPTION
Extent v, 124 pages :
Other physical details illustrations (some color) ;
Dimensions 28 cm +
Accompanying material 1 CD
336 ## - CONTENT TYPE
Source rdacontent
Content type term text
Content type code txt
336 ## - CONTENT TYPE
Source rdacontent
Content type term spoken word
Content type code spw
337 ## - MEDIA TYPE
Source rdamedia
Media type term unmediated
Media type code n
337 ## - MEDIA TYPE
Source rdamedia
Media type term audio
Media type code s
338 ## - CARRIER TYPE
Source rdacarrier
Carrier type term volume
Carrier type code nc
338 ## - CARRIER TYPE
Source rdacarrier
Carrier type term rdamedia
Carrier type code cd
500 ## - GENERAL NOTE
General note Distributer: Bacca
505 0# - FORMATTED CONTENTS NOTE
Formatted contents note Student book 2
520 ## - SUMMARY, ETC.
Summary, etc "Now your students can benefit from Jack C. Richards' successful approach with Person to Person Third Edition. Each unit is centered around dialogues, pair-work speaking practice, and audio material that presents English as it is really spoken." "It means that by the end of the course your students will be communicating more fluently in English, so they can...: Give opinions, Make requests, Complain politely, Get by abroad, Talk freely, Make friends. Book jacket."
590 ## - LOCAL NOTE (RLIN)
Local note basantemad
650 #7 - SUBJECT ADDED ENTRY--TOPICAL TERM
Topical term or geographic name as entry element English language
Form subdivision Textbooks for foreign speakers.
Source of heading or term BUEsh
650 #7 - SUBJECT ADDED ENTRY--TOPICAL TERM
Topical term or geographic name as entry element English language
General subdivision Spoken English
Form subdivision Problems, exercises, etc.
Source of heading or term BUEsh
650 #7 - SUBJECT ADDED ENTRY--TOPICAL TERM
Topical term or geographic name as entry element Oral communication
Form subdivision Problems, exercises, etc.
Source of heading or term BUEsh
9 (RLIN) 10348
653 ## - INDEX TERM--UNCONTROLLED
Arrived date list August2015
Resource For college Humanities: English
655 ## - INDEX TERM--GENRE/FORM
Form subdivision Reading book
9 (RLIN) 34232
700 1# - ADDED ENTRY--PERSONAL NAME
Personal name Bycina, David,
Relator term author.
700 1# - ADDED ENTRY--PERSONAL NAME
Personal name Wisniewska, Ingrid,
Relator term author.
9 (RLIN) 35968
942 ## - ADDED ENTRY ELEMENTS (KOHA)
Koha item type Book - Borrowing
Call number prefix 428.34RIC
Source of classification or shelving scheme Dewey Decimal Classification
Holdings
Withdrawn status Lost status Source of classification or shelving scheme Damaged status Not for loan Home library Current library Shelving location Date acquired Source of acquisition Total Checkouts Full call number Barcode Date last seen Date checked out Koha item type Collection code Price effective from Materials specified (bound volume or other part)
    Dewey Decimal Classification     Central Library Central Library Second Floor 17/04/2008 Purchase 5 428.34 RIC 000011129 15/07/2025 23/01/2012 Book - Borrowing      
    Dewey Decimal Classification     Central Library Central Library Second Floor 28/04/2010     428.34 RIC 000011128 24/08/2022   CD | DVD - (NB)   28/04/2010  
    Dewey Decimal Classification     Central Library Central Library Second Floor 28/04/2010   1 428.34 RIC 000011127 24/08/2022 22/09/2010 CD | DVD - (NB)   28/04/2010  
  Lost Dewey Decimal Classification     Central Library Central Library Second Floor 28/04/2010     428.34 RIC 000011130 28/04/2010   Book - Borrowing     Lost In Inventory_2005-2015/8/22
    Dewey Decimal Classification     Central Library Central Library Second Floor 29/04/2010   1 428.34 RIC 000013494 24/08/2022 23/01/2012 CD | DVD - (NB)   29/04/2010